Mechanika kompozitnych materialov i elementov konstrukcij : Tom 2: Mechanika elementov konstrukcij
Guardado en:
| Formato: | Libro |
|---|---|
| Lenguaje: | ruso |
| Publicado: |
Kijev :
Naukova dumka,
1983
|
| Edición: | 1. vyd. |
| Etiquetas: |
Sin Etiquetas, Sea el primero en etiquetar este registro!
|
MARC
| LEADER | 00000nam a22000003a 4500 | ||
|---|---|---|---|
| 001 | stu208651 | ||
| 005 | 20141123081716.8 | ||
| 008 | 100804s1983----xxr-----------------rus-d | ||
| 040 | |a STU |b slo | ||
| 041 | 0 | |a rus | |
| 044 | |a xxr | ||
| 080 | |a 539.3 | ||
| 245 | |a Mechanika kompozitnych materialov i elementov konstrukcij : |b Tom 2: Mechanika elementov konstrukcij | ||
| 250 | |a 1. vyd. | ||
| 260 | |a Kijev : |b Naukova dumka, |c 1983 | ||
| 300 | |a 463 s | ||
| 996 | |c V*25771/O-10596 II |l VV9 |s P |a 0 |w stu208651_0006 | ||